Đầu tư trực tiếp của các nước ASEAN vào Việt Nam: Thực trạng và triển vọng /

Bewaard in:
Bibliografische gegevens
Hoofdauteur: Đinh Trung Thành.
Andere auteurs: Lữ Quang Ngời.
Formaat: Artikel
Taal:Vietnamese
Onderwerpen:
Tags: Voeg label toe
Geen labels, Wees de eerste die dit record labelt!
Thư viện lưu trữ: Thư viện Trường Đại học Đà Lạt
LEADER 00859nam a2200277 4500
001 DLU180185419
005 ##20180605
040 # # |a DLU  |b vie 
041 # # |a vie 
044 # # |a vn 
100 # # |a Đinh Trung Thành. 
245 # # |a Đầu tư trực tiếp của các nước ASEAN vào Việt Nam: Thực trạng và triển vọng /  |c Đinh Trung Thành, Lữ Quang Ngời. 
653 # # |a Đầu tư trực tiếp nước ngoài 
653 # # |a ASEAN 
653 # # |a Việt Nam 
700 # # |a Lữ Quang Ngời. 
773 # # |t Nghiên cứu Đông Nam Á  |g Số 12, 2016, tr. 3-13 
920 # # |a Phòng Tạp chí -- Trung tâm Thông tin - Thư viện Trường Đại học Đà Lạt 
994 # # |a DLU 
900 # # |a True 
911 # # |a Hoàng Thị Huyền 
925 # # |a G 
926 # # |a A 
927 # # |a BB 
980 # # |a Thư viện Trường Đại học Đà Lạt